000 00656nam a2200229Ia 4500
999 _c4423
_d4423
020 _a0-8014-8941-5
082 _a340.11 FEM-
245 0 _aFeminism confronts homo economicus: gender, law, and society
260 _aIthaca
_bCornell University Press
_c2005
300 _axvii, 515
504 _aincludes index
650 _aFeminist jurisprudence
650 _aSociological jurisprudence
650 _aLaw and economics
650 _aEconomic man
650 _aFeminist economics
650 _aNeoclassical school of economics
650 _aHome economics
700 _aDougherty, Terence
700 _aFineman, Martha Albertson
942 _cBK